000
00258nam a2200109Ia 4500
008
190914s9999||||xx |||||||||||||| ||und||
100
_a
Shukla, Grewal
245
0
_a
Advanced Accounts Volume II
260
_a
India
_b
Dorling
_c
2002
300
_a
588
942
_c
BK
999
_c
9954
_d
9954